| 000 | 00557nam a2200205 a 4500 | ||
|---|---|---|---|
| 001 | 6696 | ||
| 005 | 20180713190554.0 | ||
| 008 | 140415s1989 000 0 spa d | ||
| 020 | _a9682428418 | ||
| 041 | _aspa | ||
| 082 |
_a370.092 _bYAG |
||
| 100 | 1 | _aYAGLIS, DIMITRIOS | |
| 245 | 1 | 0 | _aMONTESSORI |
| 260 |
_a[s.l.] : _bTRILLAS, _c1989 |
||
| 300 | _a118 | ||
| 490 |
_aBIBLIOTECA GRANDES EDUCADORES _v4 |
||
| 650 | 1 | 4 |
_aEDUCACION _xMONTESSORI, MARIA, 1870 _x1952 |
| 700 | 1 |
_aCEVALLOS, GUADALUPE _etr. |
|
| 700 | 1 |
_aAVANZINI, GUY _eprĂ³l. |
|
| 999 |
_c6696 _d6696 |
||